000 01018cam a2200145 4500500
005 20251214001352.0
041 _afre
042 _adc
100 1 0 _aFiorentino, Allison
_eauthor
700 1 0 _aHascoët, Marie
_eauthor
245 0 0 _aDroit des personnes, droit de la famille : Cours, exercices corrigés
260 _bArmand Colin,
_c2012.
520 _aParfaitement conforme à l'enseignement du droit des personnes en L1, cet ouvrage présente successivement : le droit des personnes, le droit de la famille. Conçu comme un manuel et un outil de préparation aux TDs, l'ensemble du cours est présenté à travers les trois exercices qui servent à évaluer les connaissances : dissertations, commentaires d'arrêt et cas pratique. Cette nouvelle édition, revue et corrigée, prend en compte les évolutions les plus récentes de la législation et de la jurisprudence.
856 4 1 _uhttps://droit.cairn.info/droit-des-personnes-droit-de-la-famille--9782200281250?lang=fr&redirect-ssocas=7080
999 _c1566120
_d1566120